| 000 | 00541cam a2200217 i 4500 | ||
|---|---|---|---|
| 001 | 4662786 | ||
| 005 | 20180220044428.0 | ||
| 008 | 800604s1980 nyua b 001 0 eng | ||
| 010 | _a 80016852 | ||
| 020 | _a0231050127 | ||
| 040 |
_aDLC _cDLC _dDLC |
||
| 041 | _aeng | ||
| 080 | _a332.041 | ||
| 082 | 0 | 0 | _a332.041 DOU |
| 100 | 1 | _a52 | |
| 101 | _aEKO | ||
| 245 | 1 | 0 |
_aInterest and profit / _cChristopher Dougherty. |
| 504 | _aBibliography: p. [198]-217. | ||
| 906 |
_a7 _bcbc _corignew _du _eocip _f19 _gy-gencatlg |
||
| 942 |
_2ddc _cBK |
||
| 999 |
_c42903 _d42903 |
||